000 00896cam a2200253 4500
001 WB3615-06
008 000000n2000 000 0 eng u
035 _a(Sirsi) u105356
245 _aWho bought Scotland?
260 _c2000
490 _aScotsman
_vSupplement 7 April 2000; 10 April 2000; 11 April 2000; 12 April 2000 (LOAN)
520 _a5 - 8 in an 8 part series reviewing recent Scottish property deals based on data held by the Registers of Scotland. Part 5 central Scotland and Tayside; Part 6 Fife and West Lothian; Part 7 Edinburgh suburbs and East Borders. See WB3614-07 for parts 1-4 of the series.
590 _aWB
650 _aSCOTLAND
650 _aPROPERTY TRANSACTIONS
650 _aDEALS
650 _aEDINBURGH
650 _aFIFE
650 _aWEST LOTHIAN
650 _aLEITH
650 _aTAYSIDE
690 _aPROPERTY-COMMERCIAL PROPERTY
942 _n0
999 _c63158
_d63158